|
|
|
|
| LEADER |
00000nam0a2200000 4500 |
| 001 |
38283 |
| 005 |
20231101210503.0 |
| 010 |
|
|
|a 5338001039
|
| 035 |
|
|
|a (RuTPU)RU\TPU\book\38986
|
| 090 |
|
|
|a 38283
|
| 100 |
|
|
|a 20020228d1988 km y0rusy50 ca
|
| 101 |
0 |
|
|a rus
|
| 102 |
|
|
|a BY
|
| 105 |
|
|
|a a g 001zy
|
| 200 |
1 |
|
|a Справочник по порошковой металлургии: порошки, материалы, процессы
|f О. В. Роман, И. П. Габриелов
|
| 210 |
|
|
|a Минск
|c Беларусь
|d 1988
|
| 215 |
|
|
|a 174 с.
|c ил.
|
| 320 |
|
|
|a Библиогр.: с. 173.
|
| 606 |
1 |
|
|a Порошковая металлургия
|2 stltpush
|3 (RuTPU)RU\TPU\subj\68694
|9 83870
|
| 610 |
1 |
|
|a металлические порошки
|
| 610 |
1 |
|
|a спекание
|
| 610 |
1 |
|
|a термическая обработка
|
| 610 |
1 |
|
|a резание
|
| 610 |
1 |
|
|a материалы
|
| 610 |
1 |
|
|a изделия
|
| 610 |
1 |
|
|a контроль
|
| 610 |
1 |
|
|a справочники
|
| 675 |
|
|
|a 621.762(035)
|v 3
|
| 700 |
|
1 |
|a Роман
|b О. В.
|g Олег Владиславович
|
| 701 |
|
1 |
|a Габриелов
|b И. П.
|g Игорь Петрович
|
| 801 |
|
1 |
|a RU
|b 63413507
|c 20020228
|g PSBO
|
| 801 |
|
2 |
|a RU
|b 63413507
|c 20220415
|g PSBO
|
| 942 |
|
|
|c BK
|